Select the Champions League Winners - Statistics

General Stats
  • This quiz has been taken 149 times
  • The average score is 7 of 20
Answers on the Grid
Answers color-coded by a green-red scale on the quiz's grid according to % correct below.
Cristiano Ronaldo
Lionel Messi
Gonzalo Higuain
Domenico Berardi
Koke
Ousmane Dembele
Petr Cech
Scott Carson
Eric Cantona
Zlatan Ibrahimovic
Fabio Cannavaro
Paolo Maldini
Anthony Martial
George Weah
Jack Grealish
Gareth Bale
Roberto Baggio
Glenn Murray
James Milner
Sergio Aguero
Jamie Vardy
Mateo Kovacic
Ivan Perisic
Gianluigi Buffon
Ronaldo Nazario
Pedro
Francesco Totti
Lilian Thuram
Hernan Crespo
Daniel Sturridge
Owen Hargreaves
Cesc Fabregas
Patrick Vieira
Ruud van Nistelrooy
Jamie Carragher
Pavel Nedved
Michael Ballack
Gabriel Batistuta
Manuel Neuer
Paul Pogba
Alan Shearer
Jay-Jay Okocha
Arjen Robben
Marco Reus
Deco
Samuel Eto'o
Erling Haaland
Davinson Sanchez
 
Answer Stats
Answer % Correct
Cristiano Ronaldo
100%
Lionel Messi
95%
Ousmane Dembele
72%
Petr Cech
54%
Paolo Maldini
42%
Gareth Bale
39%
Jack Grealish
35%
James Milner
26%
Pedro
26%
Scott Carson
26%
Erling Haaland
21%
Manuel Neuer
21%
Mateo Kovacic
21%
Samuel Eto'o
18%
Arjen Robben
14%
Deco
14%
Ivan Perisic
14%
Owen Hargreaves
14%
Jamie Carragher
11%
Daniel Sturridge
9%
No matching quizzes found
Score Distribution
Percent of People with Each Score
Percentile by Number Answered
Your Score History
You have not taken this quiz